Cinématographie | L'Oscar du Meilleur film de 1929 à 2026 - Statistiques

Statistiques générales
  • Ce quiz a été pris 6 fois
  • Le résultat moyen est 27 sur 100
Statistiques - réponses
Année Réponse % Correct
2004 Le Seigneur des anneaux : le retour du roi
83%
2012 The Artist
83%
1998 Titanic
83%
1951 Eve
67%
2011 Le Discours d'un roi
67%
1973 Le Parrain
67%
2024 Oppenheimer
67%
2026 Une bataille après l'autre
67%
2025 Anora
50%
1960 Ben-Hur
50%
2006 Collision
50%
2023 Everything Everywhere All at Once
50%
1995 Forrest Gump
50%
2019 Green Book : Sur les routes du sud
50%
1994 La Liste de Schindler
50%
1992 Le Silence des agneaux
50%
1990 Miss Daisy et son chauffeur
50%
2017 Moonlight
50%
2020 Parasite
50%
1999 Shakespeare in Love
50%
2016 Spotlight
50%
1976 Vol au-dessus d'un nid de coucou
50%
2000 American Beauty
33%
2013 Argo
33%
1940 Autant en emporte le vent
33%
2003 Chicago
33%
2022 CODA
33%
2010 Démineurs
33%
1981 Des gens comme les autres
33%
1972 French Connection
33%
2001 Gladiator
33%
1993 Impitoyable
33%
1980 Kramer contre Kramer
33%
1961 La Garçonnière
33%
1963 Lawrence d'Arabie
33%
1970 Macadam Cowboy
33%
1935 New York-Miami
33%
2008 No Country for Old Men - Non, ce pays n'est pas pour le vieil homme
33%
2021 Nomadland
33%
1987 Platoon
33%
1942 Qu'elle était verte ma vallée
33%
1977 Rocky
33%
1984 Tendres passions
33%
1979 Voyage au bout de l'enfer
33%
2014 12 Years a Slave
17%
1930 A l'Ouest, rien de nouveau
17%
1985 Amadeus
17%
1978 Annie Hall
17%
2015 Birdman
17%
1996 Braveheart
17%
1944 Casablanca
17%
1991 Danse avec les loups
17%
1968 Dans la chaleur de la nuit
17%
1983 Gandhi
17%
1959 Gigi
17%
1949 Hamlet
17%
2018 La Forme de l'eau - The Shape of Water
17%
1966 La Mélodie du bonheur
17%
1974 L'Arnaque
17%
1945 La Route semée d'étoiles
17%
1938 La Vie d'Emile Zola
17%
1988 Le Dernier empereur
17%
1975 Le Parrain, 2e partie
17%
1997 Le Patient anglais
17%
1946 Le Poison
17%
1958 Le Pont de la rivière Kwaï
17%
1929 Les Ailes
17%
1982 Les Chariots de feu
17%
2007 Les Infiltrés
17%
1947 Les Plus belles années de notre vie
17%
1957 Le Tour du monde en 80 jours
17%
1956 Marty
17%
2005 Million Dollar Baby
17%
1965 My Fair Lady
17%
1969 Oliver!
17%
1986 Out of Africa - Souvenirs d'Afrique
17%
1971 Patton
17%
1989 Rain Man
17%
1941 Rebecca
17%
2009 Slumdog Millionaire
17%
1953 Sous le plus grand chapiteau du monde
17%
1955 Sur les quais
17%
1954 Tant qu'il y aura des hommes
17%
1952 Un Américain à Paris
17%
2002 Un Homme d'exception
17%
1967 Un Homme pour l'éternité
17%
1962 West Side Story
17%
1934 Cavalcade
0%
1932 Grand Hotel
0%
1931 La Ruée vers l'Ouest
0%
1929 L'Aurore
0%
1937 Le Grand Ziegfeld
0%
1972 Le Jardin des Finzi-Contini
0%
1948 Le Mur invisible
0%
1950 Les Fous du roi
0%
1936 Les Révoltés du Bounty
0%
1943 Madame Miniver
0%
1930 The Broadway Melody
0%
1964 Tom Jones : de l'alcôve à la potence
0%
1939 Vous ne l'emporterez pas avec vous
0%
Aucun quiz correspondant
Distribution des résultats
% des personnes avec chaque résultat
Percentile par nombre de réponses
Votre historique - résultats
Vous n’avez pas pris ce quiz